The Traders War (Record no. 3393)

MARC details
000 -LEADER
fixed length control field 00368nam a22001457a 4500
008 - FIXED-LENGTH DATA ELEMENTS--GENERAL INFORMATION
fixed length control field 250512b |||||||| |||| 00| 0 eng d
020 ## - INTERNATIONAL STANDARD BOOK NUMBER
ISBN 9781447237624
100 ## - MAIN ENTRY--AUTHOR
Author Stross Charles
245 ## - TITLE STATEMENT
Title The Traders War
260 ## - PUBLICATION, DISTRIBUTION, ETC. (IMPRINT)
Place of publication UK
Name of publisher Ellipsis Digital Limited
Date of publication 2013
300 ## - COLLATION
Pagination 610P.
650 ## - TRACINGS
Main Subject Woman Journalists - Fiction
942 ## - ADDED ENTRY ELEMENTS (KOHA)
Item type Books
050 ## - LIBRARY OF CONGRESS CALL NUMBER
Classification number PR6119.T79
Item number .T73
Holdings
Source of classification or shelving scheme Not for loan Permanent location Current location Date acquired Accession No. Full call number Barcode. Koha item type
Library of Congress Classification   Samuel Ogbemudia Main Library, University of Abuja Samuel Ogbemudia Main Library, University of Abuja 05/12/2025 2024/64270 PR6119.T79.T73 2025-1863 Books